000 00747nam a2200277Ia 4500
001 4877
005 20240113233804.0
007 ta
008 050615s2003 g b000 u hin u
020 _a81-7119-812-0
040 _aCotton College Assam
041 _ahin
082 _a398
_bDu 851 Lo
100 _aDubey, Shyam Sunder .
245 0 _aLok: Parampara, Pahachan Evam Pravah /
_cShyam Sunder Dubey.
_hTextual Documents
250 _a1st ed. /
260 _aNew Delhi :
_bRadhakrishna Prakashan ,
_c2003.
300 _a117p. ;
_c22cm.
653 _aFolklore-Hindi
653 _aFolk Culture
653 _aHindi Folk Literature
653 _aGen-Hindi
942 _2ddc
_cBK
999 _c4864
_d4864